000 00466nam a2200169Ia 4500
008 230917s9999||||xx |||||||||||||| ||und||
020 _cRS1495
040 _e235396
_aMAIN
041 _aEnglish
082 _a359.00954 M278F
100 _aMahajan, S K
245 0 _aFurthering Indiia's maritime footpoint
260 _aNew Delhi
_bSumit Enterprises
_c2015
300 _aviii, 288 p.
500 _a2425 14/10/2016 RBP16/62153 25/10/2016 Main Budget
942 _cBK
999 _c19549
_d19549